[Event "8th Asian Continental/Individu"]
[Site "Subic Bay Free Port"]
[Date "2009.05.18"]
[Round "6.12"]
[White "Xu, Tong"]
[Black "Ghader Pour, Shayesteh"]
[Result "0-1"]
[WhiteElo "2231"]
[BlackElo "2156"]
[PlyCount "74"]
[EventDate "2009.05.13"]

1. e4 c5 2. Nf3 d6 3. Bc4 Nf6 4. d3 Nc6 5. c3 Bg4 6. h3 Bh5 7. Nbd2 e6 8. Bb3
Be7 9. Qe2 Qd7 10. O-O O-O-O 11. Qe3 d5 12. e5 d4 13. cxd4 cxd4 14. Qg5 h6 15.
Qg3 Nd5 16. a3 g5 17. Re1 f5 18. Qh2 Bg6 19. Ba4 Nb6 20. Bxc6 Qxc6 21. Nb3 Qa4
22. Nfxd4 Rxd4 23. Nxd4 Qxd4 24. Be3 Qd5 25. Qg3 Be8 26. f4 Rg8 27. Rac1+ Bc6
28. b4 Kb8 29. Re2 Qd8 30. Rec2 gxf4 31. Qxf4 Nd5 32. Qxh6 Nxe3 33. Qxe3 Bg5
34. Qe1 Bxc1 35. Qxc1 Qd4+ 36. Kh1 Qxe5 37. Qh6 Rh8 0-1

[Event "8th Asian Continental/Individu"]
[Site "Subic Bay Free Port"]
[Date "2009.05.18"]
[Round "6.13"]
[White "Xu, Huahua"]
[Black "Bui, Kim Le"]
[Result "1/2-1/2"]
[WhiteElo "2093"]
[BlackElo "2165"]
[PlyCount "48"]
[EventDate "2009.05.13"]

1. e4 c5 2. Nf3 e6 3. d4 cxd4 4. Nxd4 Nf6 5. Nc3 Bb4 6. Bd3 d6 7. O-O O-O 8.
Bg5 a6 9. Kh1 Nbd7 10. a3 Bc5 11. Nb3 Ba7 12. f4 Qc7 13. Qf3 b5 14. e5 dxe5 15.
Bxf6 Nxf6 16. fxe5 Nd7 17. Ne4 Nxe5 18. Nf6+ gxf6 19. Bxh7+ Kxh7 20. Qh3+ Kg7
21. Qg3+ Kh7 22. Qh4+ Kg7 23. Qg3+ Kh7 24. Qh4+ Kg7 1/2-1/2

[Event "8th Asian Continental/Individu"]
[Site "Subic Bay Free Port"]
[Date "2009.05.18"]
[Round "6.14"]
[White "Perena, Catherine"]
[Black "Tay, Li-Jin Jeslin"]
[Result "0-1"]
[WhiteElo "2184"]
[BlackElo "2068"]
[PlyCount "68"]
[EventDate "2009.05.13"]

1. d4 d5 2. c4 e6 3. Nc3 c6 4. Nf3 dxc4 5. e4 b5 6. a4 Bb4 7. Bd2 a5 8. axb5
Bxc3 9. Bxc3 cxb5 10. b3 Bb7 11. bxc4 bxc4 12. Qb1 Nd7 13. Bd3 Qc7 14. Bb2 Ne7
15. O-O Ng6 16. g3 O-O 17. h4 Ne7 18. Qc2 Rfd8 19. Rfd1 e5 20. Nxe5 Nxe5 21.
dxe5 Nc6 22. f4 Nd4 23. Qf2 Nb3 24. Ra2 Nc5 25. Qf1 Nxd3 26. Rxd3 Bxe4 27. Rd4
Bb7 28. e6 fxe6 29. Ra1 Qc6 30. Kh2 Rxd4 31. Bxd4 Rd8 32. Rd1 Qe4 33. Qg1 Qe2+
34. Kh3 Bf3 0-1

[Event "8th Asian Continental/Individu"]
[Site "Subic Bay Free Port"]
[Date "2009.05.18"]
[Round "6.15"]
[White "Nadig, Kruttika"]
[Black "Camacho, Chardine Cheradee"]
[Result "1-0"]
[WhiteElo "2361"]
[BlackElo "2166"]
[PlyCount "107"]
[EventDate "2009.05.13"]

1. e4 c5 2. Nf3 e6 3. b3 a6 4. Bb2 Nc6 5. Be2 Qc7 6. c4 Nf6 7. Nc3 Bd6 8. O-O
b6 9. Re1 Bb7 10. h3 Ne5 11. d4 Nxf3+ 12. Bxf3 cxd4 13. Qxd4 Be5 14. Qd3 O-O
15. g3 Rac8 16. Rac1 Qc5 17. Qe2 Bc6 18. Bg2 Ne8 19. Kh2 f5 20. exf5 Rxf5 21.
f4 Bxc3 22. Bxc3 Qe7 23. Qe3 b5 24. cxb5 axb5 25. Be5 Rf7 26. Qb6 Ra8 27. Bxc6
dxc6 28. Re2 Rc8 29. Rxc6 Rxc6 30. Qxc6 Qd7 31. Qxd7 Rxd7 32. Rc2 Ra7 33. Kg2
Kf7 34. Kf3 Ke7 35. Ke4 Nd6+ 36. Kd4 Rd7 37. Kc3 Rc7+ 38. Kb2 Rxc2+ 39. Kxc2
Ne4 40. g4 g6 41. Kd3 Nc5+ 42. Kd4 Na6 43. a3 Kd7 44. h4 Kc6 45. b4 Kd7 46. h5
Kc6 47. h6 Kd7 48. Ke4 Nc7 49. Bxc7 Kxc7 50. Ke5 Kd7 51. Kf6 Kd6 52. Kf7 g5 53.
fxg5 e5 54. g6 1-0

[Event "8th Asian Continental/Individu"]
[Site "Subic Bay Free Port"]
[Date "2009.05.18"]
[Round "6.16"]
[White "Li, Panru"]
[Black "Le, Thi Phuong Lien"]
[Result "0-1"]
[WhiteElo "2146"]
[BlackElo "2216"]
[PlyCount "112"]
[EventDate "2009.05.13"]

1. d4 Nf6 2. c4 e6 3. Nc3 d5 4. Bg5 Be7 5. e3 O-O 6. Nf3 h6 7. Bh4 b6 8. Bd3
dxc4 9. Bxc4 Bb7 10. O-O Ne4 11. Bxe7 Qxe7 12. Rc1 Nd7 13. Bd3 Nxc3 14. Rxc3 c5
15. Bb5 Rfd8 16. Qe2 Rac8 17. Rfc1 Nf6 18. a3 Ne4 19. R3c2 Ng5 20. Ba6 Nxf3+
21. gxf3 Bxa6 22. Qxa6 e5 23. dxc5 Rc6 24. Qa4 Rg6+ 25. Kf1 bxc5 26. Rxc5 Qb7
27. Ke2 Qxb2+ 28. R5c2 Qb6 29. Rc8 Rgd6 30. Rxd8+ Rxd8 31. Qb4 Qa6+ 32. Ke1 Rd6
33. Rc3 Rb6 34. Qc4 Rb1+ 35. Ke2 Rb2+ 36. Kf1 Qg6 37. Qd3 Qe6 38. Qd8+ Kh7 39.
Qd3+ g6 40. Rc2 Qh3+ 41. Ke2 Rb1 42. e4 Qf1+ 43. Ke3 Qe1+ 44. Re2 Qd1 45. Rd2
Ra1 46. Qd5 Qe1+ 47. Kd3 Rxa3+ 48. Kc2 Rxf3 49. Qxe5 Rf5 50. Qd4 Rf4 51. Qxa7
Qxe4+ 52. Kb2 Qb4+ 53. Kc2 Rc4+ 54. Kd1 Qb3+ 55. Ke2 Re4+ 56. Kf1 Qh3+ 0-1

[Event "8th Asian Continental/Individu"]
[Site "Subic Bay Free Port"]
[Date "2009.05.18"]
[Round "6.17"]
[White "Shamima, Akter Liza"]
[Black "Muminova, Nafisa"]
[Result "0-1"]
[WhiteElo "2125"]
[BlackElo "2212"]
[PlyCount "114"]
[EventDate "2009.05.13"]

1. d4 Nf6 2. c4 e6 3. Nc3 c5 4. d5 exd5 5. cxd5 d6 6. e4 g6 7. f3 Bg7 8. Nge2
O-O 9. Ng3 a6 10. a4 h5 11. Be2 h4 12. Nf1 Qa5 13. Nd2 Qc7 14. Nc4 h3 15. g4
Nbd7 16. Be3 Nb6 17. Na3 Bd7 18. Rc1 Rae8 19. Kf2 Nh7 20. a5 Nc8 21. Nc4 f5 22.
gxf5 gxf5 23. Qd2 fxe4 24. Rhg1 Bf5 25. Bh6 Rf7 26. Bxg7 Rxg7 27. Rxg7+ Kxg7
28. Rg1+ Bg6 29. Nxe4 Qe7 30. Bd3 Qh4+ 31. Kf1 Rf8 32. Qc3+ Kh6 33. Qd2+ Rf4
34. Ke2 Bxe4 35. Bxe4 Ng5 36. Ne3 Nxe4 37. Ng4+ Qxg4 38. Rxg4 Nxd2 39. Rxf4 Nb3
40. Rh4+ Kg6 41. Rxh3 Ne7 42. Kd3 Nxa5 43. Rg3+ Kf5 44. h4 Nxd5 45. Rg5+ Ke6
46. h5 Nc6 47. h6 Ne5+ 48. Ke4 Nf6+ 49. Ke3 Nc4+ 50. Ke2 Nxb2 51. Rg7 b5 52.
Ra7 b4 53. Rxa6 c4 54. Kd2 Nd3 55. Ra7 Ne5 56. h7 Nxh7 57. Rxh7 Nxf3+ 0-1

[Event "8th Asian Continental/Individu"]
[Site "Subic Bay Free Port"]
[Date "2009.05.18"]
[Round "6.18"]
[White "Salvador, Aices"]
[Black "Le, Kieu Thien Kim"]
[Result "0-1"]
[WhiteElo "2040"]
[BlackElo "2277"]
[PlyCount "148"]
[EventDate "2009.05.13"]

1. e4 c6 2. c4 d5 3. exd5 cxd5 4. cxd5 Nf6 5. Nc3 g6 6. Bc4 Bg7 7. Nf3 O-O 8.
O-O Nbd7 9. d3 Nb6 10. Qb3 Bf5 11. Be3 Nfd7 12. Nd4 Nxc4 13. dxc4 Bd3 14. Rfd1
Ne5 15. c5 Qc8 16. h3 Ba6 17. Ndb5 Nd7 18. Na4 Rd8 19. Rac1 Nf6 20. Nac3 Rd7
21. d6 Ne8 22. Nd5 Bxb5 23. Nxe7+ Rxe7 24. dxe7 Bd7 25. Rd2 Bf6 26. Qd3 Be6 27.
a3 Bxe7 28. b4 Qc7 29. Rcd1 Bf6 30. Bd4 Rd8 31. Qe3 Bxd4 32. Rxd4 Rxd4 33. Qxd4
a6 34. h4 h5 35. Rd3 Ng7 36. Qf6 Kh7 37. Rd8 Bc4 38. Qd4 Bb5 39. Qf6 Ne8 40.
Qd4 Qe7 41. Kh2 Qf6 42. Qxf6 Nxf6 43. f3 Kg7 44. Kg3 Bc6 45. Rd1 Nd5 46. Kf2 f5
47. g3 Kf6 48. f4 Nc3 49. Rg1 Ke6 50. Ke3 Kd5 51. Rc1 Ne4 52. Kd3 Be8 53. Re1
Bb5+ 54. Kc2 Nxg3 55. Rg1 Ne2 56. Rxg6 Nxf4 57. Rg7 Bc6 58. Rg5 Ke4 59. Kd2 Bd5
60. a4 Bc6 61. Rg7 Bxa4 62. Rxb7 Nd5 63. Rh7 f4 64. Rxh5 Nxb4 65. Rh7 Nc6 66.
Ke2 Ne5 67. Re7 Bb5+ 68. Kf2 Kf5 69. h5 Ng4+ 70. Kg2 Bc6+ 71. Kf1 f3 72. Rf7+
Kg5 73. Rf8 Kxh5 74. Rh8+ Kg5 0-1

[Event "8th Asian Continental/Individu"]
[Site "Subic Bay Free Port"]
[Date "2009.05.18"]
[Round "6.19"]
[White "Dang, Bich Ngoc"]
[Black "Khademalsharieh, Sarasadat"]
[Result "1-0"]
[WhiteElo "2185"]
[BlackElo "1806"]
[PlyCount "61"]
[EventDate "2009.05.13"]

1. c4 e6 2. Nc3 d5 3. d4 Be7 4. Nf3 Nf6 5. e3 O-O 6. Bd3 c5 7. O-O Nc6 8. b3
cxd4 9. exd4 dxc4 10. Bxc4 Nb4 11. Ne5 Nbd5 12. Bb2 Qa5 13. Qf3 Rd8 14. a3 Nxc3
15. Bxc3 Qc7 16. Bb2 Bd6 17. Rac1 Qe7 18. b4 Rb8 19. Rfe1 Bc7 20. d5 Nxd5 21.
Bxd5 Rxd5 22. Ng4 Rg5 23. Nf6+ Kh8 24. Nd5 Bxh2+ 25. Kxh2 Qd6+ 26. Nf4 e5 27.
Qd5 Qh6+ 28. Kg1 Be6 29. Nxe6 fxe6 30. Qxb7 Rg8 31. Rc8 1-0

[Event "8th Asian Continental/Individu"]
[Site "Subic Bay Free Port"]
[Date "2009.05.18"]
[Round "6.20"]
[White "Guo, Qi"]
[Black "Bernales, Christy Lamiel"]
[Result "0-1"]
[WhiteElo "2147"]
[BlackElo "2041"]
[PlyCount "112"]
[EventDate "2009.05.13"]

1. d4 Nf6 2. c4 e6 3. Nf3 b6 4. g3 Bb7 5. Bg2 d5 6. cxd5 exd5 7. O-O Be7 8. Nc3
O-O 9. Ne5 Nbd7 10. Qb3 c6 11. Bf4 Nxe5 12. dxe5 Nd7 13. Rad1 Nc5 14. Qc2 Ne6
15. Bc1 Qc7 16. f4 Rab8 17. Kh1 Bc5 18. Qd3 Bb4 19. Nb1 Ba6 20. Qf3 Bc5 21. Be3
d4 22. Bd2 Nd8 23. Be1 f6 24. Bh3 fxe5 25. Bc8 Bxc8 26. Nd2 Bh3 27. Rf2 d3 28.
e3 Qd7 29. Rc1 Bg4 30. Qe4 Bf5 31. Qf3 Bg4 32. Qe4 exf4 33. Rxf4 Re8 34. Rxg4
Rxe4 35. Rxe4 Qd5 36. Kg1 Ne6 37. h4 b5 38. Bf2 Bb6 39. a4 Nc5 40. Rf4 Nxa4 41.
b3 Nc5 42. e4 Qe5 43. Rf1 Ne6 44. Rf5 Qxg3+ 45. Kh1 Bxf2 46. R1xf2 Qxh4+ 47.
Kg2 Qg4+ 48. Kh2 h6 49. R5f3 Ng5 50. Rf8+ Kh7 51. e5 Qh3+ 52. Kg1 Qe3 53. Nf1
Qxe5 54. R8f5 Qd4 55. Kg2 Ne4 56. R5f4 Qd5 0-1

[Event "8th Asian Continental/Individu"]
[Site "Subic Bay Free Port"]
[Date "2009.05.18"]
[Round "6.22"]
[White "Mendoza, Beverly"]
[Black "Docena, Jedara"]
[Result "1/2-1/2"]
[WhiteElo "2045"]
[BlackElo "1999"]
[PlyCount "67"]
[EventDate "2009.05.13"]

1. e4 c5 2. Nc3 Nc6 3. Nf3 d6 4. d4 cxd4 5. Nxd4 Nf6 6. Bc4 e5 7. Nxc6 bxc6 8.
Bg5 Be7 9. Qd2 Be6 10. Bb3 Qc7 11. O-O O-O 12. f4 Bxb3 13. axb3 h6 14. Bxf6
Bxf6 15. f5 Qb6+ 16. Qf2 Bg5 17. Rfe1 Qxf2+ 18. Kxf2 a5 19. Red1 Be7 20. Rd3
Rfd8 21. Kf3 Kf8 22. Ra4 Rdb8 23. Rc4 Ra6 24. Ra4 Ke8 25. g3 Kd7 26. Nd1 Rb4
27. Nc3 Rb8 28. Nd1 Rb4 29. Nc3 Rb8 30. Ne2 Rb4 31. Nc3 Rb8 32. Nd1 Rb4 33. Nc3
Rb8 34. Nd1 1/2-1/2

[Event "8th Asian Continental/Individu"]
[Site "Subic Bay Free Port"]
[Date "2009.05.19"]
[Round "7.1"]
[White "Zhang, Xiaowen"]
[Black "Ding, Yixin"]
[Result "1/2-1/2"]
[WhiteElo "2340"]
[BlackElo "2281"]
[PlyCount "71"]
[EventDate "2009.05.13"]

1. e4 c5 2. Nf3 d6 3. d4 cxd4 4. Nxd4 Nf6 5. Nc3 a6 6. a4 e5 7. Nf3 Qc7 8. Be3
Be7 9. Be2 O-O 10. O-O b6 11. Qd3 Nbd7 12. Qc4 Qxc4 13. Bxc4 Bb7 14. Nd2 Ng4
15. Bd5 Nxe3 16. fxe3 Rab8 17. Nc4 Bc8 18. Bc6 Nf6 19. Rad1 Rd8 20. Nd5 Nxd5
21. Bxd5 Be6 22. Rf2 Bg5 23. Rd3 Bxd5 24. exd5 g6 25. e4 Kg7 26. g3 Rd7 27. h4
Bd8 28. Kg2 b5 29. axb5 axb5 30. Rb3 Kf8 31. Na3 Rdb7 32. c4 bxc4 33. Rxb7 Rxb7
34. Nxc4 Bc7 35. h5 Ke7 36. hxg6 1/2-1/2

[Event "8th Asian Continental/Individu"]
[Site "Subic Bay Free Port"]
[Date "2009.05.19"]
[Round "7.2"]
[White "Hoang, Thi Bao Tram"]
[Black "Ju, Wenjun"]
[Result "1/2-1/2"]
[WhiteElo "2239"]
[BlackElo "2454"]
[PlyCount "145"]
[EventDate "2009.05.13"]

1. d4 Nf6 2. Nf3 g6 3. Bf4 Bg7 4. Nbd2 O-O 5. c3 d5 6. e3 b6 7. Be2 Bb7 8. h3
Nbd7 9. a4 a6 10. Ne5 Ne4 11. Nxd7 Qxd7 12. Nxe4 dxe4 13. O-O Rfe8 14. Qb3 e5
15. dxe5 Bxe5 16. Rad1 Qe7 17. Bxe5 Qxe5 18. Rd7 Re7 19. Rfd1 Bc6 20. Rd8+ Rxd8
21. Rxd8+ Re8 22. Rd4 a5 23. Qd1 Kg7 24. Bc4 Re7 25. Ba2 Qf5 26. b4 Qe5 27. Qb3
Bd7 28. Qd1 Be6 29. Bxe6 Rxe6 30. b5 c5 31. bxc6 Rxc6 32. c4 Qe6 33. Qc2 f5 34.
Qb2 Kh6 35. Qe2 Qe7 36. Qc2 Qe6 37. g3 Qe7 38. h4 Qe6 39. Kg2 Rc7 40. Qb3 Rc6
41. Rd5 Qf6 42. Qb5 Qe6 43. Kh2 Rc8 44. Rd4 Rc5 45. Qb3 Rc6 46. Kg2 Rc7 47. Rd5
Rc6 48. Kh2 Rc7 49. Kg1 Rc6 50. Kg2 Rc7 51. Qa3 Qf6 52. Rd4 Qe7 53. Qa1 Rc6 54.
Qd1 Qe6 55. Qe2 Rc8 56. Qc2 Kg7 57. Qb2 Kh6 58. Qa3 Rc5 59. Qb3 Rc6 60. Qc3 Rc8
61. Qc1 Rc6 62. Qf1 Rc8 63. Qe2 Rc6 64. Rd5 Qf6 65. Rd4 Qe6 66. Qc2 Kg7 67. Qb3
Kh6 68. Qa3 Rc5 69. Qb3 Rc6 70. Qb5 Rc5 71. Qb3 Rc6 72. Qb5 Rc5 73. Qb3 1/2-1/2

[Event "8th Asian Continental/Individu"]
[Site "Subic Bay Free Port"]
[Date "2009.05.19"]
[Round "7.4"]
[White "Zhang, Jilin"]
[Black "Tania, Sachdev"]
[Result "1/2-1/2"]
[WhiteElo "2335"]
[BlackElo "2423"]
[PlyCount "60"]
[EventDate "2009.05.13"]

1. e4 e5 2. Nf3 Nc6 3. d4 exd4 4. Nxd4 Bc5 5. Be3 Qf6 6. c3 Nge7 7. g3 h5 8. h3
d5 9. Bg2 dxe4 10. Nd2 Bxd4 11. Bxd4 Nxd4 12. Nxe4 Qe6 13. Qxd4 Nf5 14. Qd3 Nd6
15. O-O-O O-O 16. Nxd6 cxd6 17. Kb1 Qf6 18. Qd4 Qg6+ 19. Ka1 Rd8 20. Be4 Qg5
21. Qd5 Qxd5 22. Bxd5 Rb8 23. h4 Bg4 24. Rde1 Kf8 25. Re3 Re8 26. Rhe1 b6 27.
b4 Rxe3 28. Rxe3 Re8 29. Rxe8+ Kxe8 30. Kb2 Ke7 1/2-1/2

[Event "8th Asian Continental/Individu"]
[Site "Subic Bay Free Port"]
[Date "2009.05.19"]
[Round "7.5"]
[White "Gu, Xiaobing"]
[Black "Sukandar, Irine Kharisma"]
[Result "1/2-1/2"]
[WhiteElo "2336"]
[BlackElo "2300"]
[PlyCount "111"]
[EventDate "2009.05.13"]

1. e4 e5 2. Nf3 Nc6 3. Bc4 Bc5 4. c3 Nf6 5. d3 d6 6. Bb3 a6 7. h3 Ba7 8. Nbd2
O-O 9. Nf1 h6 10. Ng3 Re8 11. O-O Be6 12. Nh2 Qd7 13. Qf3 Bxb3 14. axb3 Qe6 15.
b4 Ne7 16. Re1 d5 17. Ng4 Nxg4 18. hxg4 f6 19. Nf5 dxe4 20. Rxe4 c6 21. g3 Rad8
22. Kg2 Qd5 23. Bxh6 gxh6 24. Nxh6+ Kg7 25. Nf5+ Nxf5 26. gxf5 Kf7 27. c4 Qxd3
28. Qh5+ Ke7 29. Qh7+ Kd6 30. c5+ Bxc5 31. bxc5+ Kxc5 32. Rc1+ Kd6 33. Rh4 Qd5+
34. Kg1 Re7 35. Qg6 Qf7 36. Rd1+ Kc7 37. Rxd8 Kxd8 38. Rh6 Qxg6 39. fxg6 Rg7
40. g4 Ke7 41. Kg2 Ke6 42. Kg3 Ke7 43. f4 exf4+ 44. Kxf4 Ke6 45. g5 f5 46. Rh7
Rxg6 47. Rxb7 Rg8 48. Rb6 Rc8 49. Rxa6 Rb8 50. Rxc6+ Kf7 51. Rc2 Kg6 52. Rg2
Rb4+ 53. Ke3 Rb3+ 54. Kd4 f4 55. Ke4 f3 56. Rf2 1/2-1/2

[Event "8th Asian Continental/Individu"]
[Site "Subic Bay Free Port"]
[Date "2009.05.19"]
[Round "7.7"]
[White "Huang, Qian"]
[Black "Nguyen, Thi Mai Hung"]
[Result "1-0"]
[WhiteElo "2410"]
[BlackElo "2295"]
[PlyCount "121"]
[EventDate "2009.05.13"]

1. d4 d5 2. Nf3 e6 3. Bf4 Nf6 4. e3 Bd6 5. Bg3 c5 6. c3 O-O 7. Nbd2 b6 8. Bd3
Bb7 9. Qc2 Qc7 10. Ne5 Nc6 11. f4 Rac8 12. Rc1 g6 13. O-O Nd7 14. Ndf3 f5 15.
Bh4 Nf6 16. Bxf6 Rxf6 17. Bb5 Nb8 18. Qe2 Rff8 19. h3 a6 20. Bd3 c4 21. Bc2 Nd7
22. g4 Nf6 23. Kh2 Ne4 24. Rg1 Kh8 25. Rg2 Bc6 26. Rcg1 Be8 27. Qe1 Qd8 28. Kh1
Rc7 29. h4 Qf6 30. Rh2 Rg7 31. Bxe4 fxe4 32. Nd2 Qd8 33. Nf1 h6 34. Ng3 Kh7 35.
Qd1 Qc7 36. Ne2 b5 37. Qe1 a5 38. Qg3 Rfg8 39. Qh3 Rf8 40. g5 Qe7 41. gxh6 Rgg8
42. Rg5 b4 43. Rhg2 Rf5 44. Qh2 Qf8 45. Qg1 Qxh6 46. Ng4 Qf8 47. Ng3 Rxg5 48.
fxg5 Kg7 49. Rf2 Qe7 50. Kg2 Rf8 51. Rf6 b3 52. a4 Bc7 53. Qf2 Bd8 54. Ne2 Qd6
55. Nf4 Bxf6 56. gxf6+ Kh8 57. Nh3 Bxa4 58. Ne5 Kg8 59. f7+ Kg7 60. Qg3 Kf6 61.
Qg5+ 1-0

[Event "8th Asian Continental/Individu"]
[Site "Subic Bay Free Port"]
[Date "2009.05.19"]
[Round "7.10"]
[White "Tay, Li-Jin Jeslin"]
[Black "Meenakshi, Subbaraman"]
[Result "1/2-1/2"]
[WhiteElo "2068"]
[BlackElo "2303"]
[PlyCount "119"]
[EventDate "2009.05.13"]

1. d4 Nf6 2. c4 c5 3. Nf3 g6 4. Nc3 b6 5. e4 Bb7 6. Bd3 Bg7 7. d5 d6 8. h3 O-O
9. O-O Nbd7 10. Bg5 a6 11. Nd2 e5 12. g4 Qc7 13. Qc2 Rfb8 14. a3 Nf8 15. Rfb1
h6 16. Be3 g5 17. Nf1 Ng6 18. Ng3 Nf4 19. Kh2 Bc8 20. Bf1 Bd7 21. a4 Kf8 22. b4
Be8 23. Rb2 Nd7 24. Rab1 Rb7 25. a5 bxa5 26. bxc5 Rxb2 27. Qxb2 dxc5 28. Qb7
Qxb7 29. Rxb7 Kg8 30. Nf5 Bf8 31. Na4 Rc8 32. Bd2 Rb8 33. Rxb8 Nxb8 34. Nb6 a4
35. Bc1 f6 36. Ba3 Bd7 37. Kg3 h5 38. Kf3 h4 39. Ke3 Kf7 40. Kd2 Ke8 41. Kc3 a5
42. Nxd7 Kxd7 43. Bc1 Na6 44. Kb2 Nb4 45. Ka3 Nfd3 46. Be3 Kc7 47. Kxa4 Kb6 48.
Be2 Ne1 49. Bf1 Nec2 50. Bd2 Nd4 51. Be3 Ka6 52. Bd2 Nf3 53. Bc3 Kb6 54. Be2
Nd4 55. Bf1 Ka6 56. Bd2 Nf3 57. Bc3 Nd4 58. Bd2 Kb6 59. Bc3 Nf3 60. Be2 1/2-1/2

[Event "8th Asian Continental/Individu"]
[Site "Subic Bay Free Port"]
[Date "2009.05.19"]
[Round "7.11"]
[White "Muminova, Nafisa"]
[Black "Nadig, Kruttika"]
[Result "1-0"]
[WhiteElo "2212"]
[BlackElo "2361"]
[PlyCount "99"]
[EventDate "2009.05.13"]

1. e4 c5 2. Nf3 d6 3. Bb5+ Nd7 4. d4 Ngf6 5. Nc3 a6 6. Bxd7+ Nxd7 7. O-O cxd4
8. Qxd4 e6 9. Rd1 Qb6 10. Be3 Qxd4 11. Bxd4 b5 12. e5 d5 13. Ne2 Be7 14. Nf4
Nb8 15. Nd3 Nc6 16. Bc5 Bxc5 17. Nxc5 g5 18. h3 Ke7 19. Re1 Rg8 20. g4 a5 21.
a3 Bd7 22. c3 Rac8 23. b4 f5 24. exf6+ Kd6 25. Nd4 Nxd4 26. cxd4 Rgf8 27. Nb7+
Kc7 28. Nxa5 Kb6 29. Rac1 Rce8 30. Rc5 Rxf6 31. Rec1 Rff8 32. Rc7 Rc8 33. Rb7+
Ka6 34. Rxc8 Bxc8 35. Rxh7 Kb6 36. Rg7 Rf4 37. Nb3 Rf3 38. Nc5 Rxh3 39. Rxg5
Rxa3 40. Re5 Ra1+ 41. Kg2 Rb1 42. g5 Rxb4 43. g6 Rxd4 44. Rg5 Kxc5 45. g7 Rf4
46. g8=Q Bd7 47. Qd8 Bc6 48. Qe7+ Kb6 49. Qxe6 d4+ 50. Kf1 1-0

[Event "8th Asian Continental/Individu"]
[Site "Subic Bay Free Port"]
[Date "2009.05.19"]
[Round "7.12"]
[White "Bui, Kim Le"]
[Black "Nguyen, Thi Thanh An"]
[Result "0-1"]
[WhiteElo "2165"]
[BlackElo "2324"]
[PlyCount "118"]
[EventDate "2009.05.13"]

1. e4 c5 2. Nf3 Nc6 3. c4 g6 4. d4 Bg7 5. d5 Nd4 6. Nxd4 cxd4 7. Bd3 d6 8. O-O
Nf6 9. Nd2 O-O 10. b3 Nd7 11. Bb2 Nc5 12. Qc2 e5 13. dxe6 fxe6 14. b4 Nxd3 15.
Qxd3 e5 16. Rac1 Be6 17. a3 Rf7 18. c5 d5 19. c6 bxc6 20. b5 Bh6 21. f3 Qg5 22.
Rf2 Qh4 23. Re2 Be3+ 24. Rxe3 dxe3 25. Qxe3 d4 26. Qd3 Qg5 27. Re1 Rc8 28. a4
h5 29. Ba3 Rd8 30. Kh1 h4 31. h3 Kg7 32. Bb4 Rh8 33. Nf1 Re8 34. Qd2 Qf6 35.
Nh2 Rc8 36. Rb1 g5 37. a5 Kg6 38. a6 Re8 39. Qd3 Rc7 40. Rc1 Rd8 41. Nf1 Bg8
42. Rc2 Be6 43. Ba3 Kg7 44. Nd2 Kg6 45. Bb4 Rf7 46. Ba3 Re8 47. Bb4 Qf4 48. Nf1
g4 49. Bd2 Qf6 50. hxg4 Bxg4 51. Nh2 Be6 52. Bb4 Kh7 53. Be1 Rg8 54. Qa3 Bc8
55. Qd3 Rfg7 56. Qd1 Bh3 57. Bxh4 Qxh4 58. gxh3 Qxh3 59. bxc6 Rg2 0-1

[Event "8th Asian Continental/Individu"]
[Site "Subic Bay Free Port"]
[Date "2009.05.19"]
[Round "7.13"]
[White "Wang, Xiaohui"]
[Black "Xu, Huahua"]
[Result "0-1"]
[WhiteElo "2265"]
[BlackElo "2093"]
[PlyCount "110"]
[EventDate "2009.05.13"]

1. d4 Nf6 2. c4 g6 3. g3 Bg7 4. Bg2 O-O 5. Nc3 d6 6. Nf3 c5 7. O-O Nc6 8. e3
Bg4 9. h3 Bd7 10. b3 a6 11. Bb2 cxd4 12. exd4 Rc8 13. Re1 Re8 14. Qd2 Na5 15.
Rad1 Qc7 16. d5 b5 17. cxb5 axb5 18. Nd4 Qb6 19. Nce2 b4 20. Nf4 Rc7 21. Re2
Bf8 22. Nc6 Bxc6 23. dxc6 e5 24. Nd3 Nxc6 25. Bxc6 Qxc6 26. Nxb4 Qf3 27. Re3
Qf5 28. g4 Qc8 29. Rf3 Qe6 30. g5 Nh5 31. Nd5 Rc6 32. b4 Rec8 33. Bc3 Rc4 34.
b5 Rh4 35. Qe3 Rc5 36. Nf6+ Nxf6 37. Rxf6 Qc8 38. Rf3 Rxb5 39. Qd3 Rc5 40. Kh2
Ra4 41. Qd2 Qa8 42. Rd3 Rxa2 43. Qe3 Qc8 44. R1d2 Ra4 45. Bb2 Qe6 46. Ba3 Rc6
47. Rb2 Rf4 48. Rb8 Rc2 49. Rxf8+ Kxf8 50. Bxd6+ Kg8 51. Qb6 Rfxf2+ 52. Kg1
Rg2+ 53. Kh1 Rh2+ 54. Kg1 Rcg2+ 55. Kf1 Qf5+ 0-1

[Event "8th Asian Continental/Individu"]
[Site "Subic Bay Free Port"]
[Date "2009.05.19"]
[Round "7.14"]
[White "Le, Thi Phuong Lien"]
[Black "Cua, Sherily"]
[Result "1-0"]
[WhiteElo "2216"]
[BlackElo "2143"]
[PlyCount "61"]
[EventDate "2009.05.13"]

1. e4 e6 2. d4 d5 3. Nd2 dxe4 4. Nxe4 Bd7 5. Nf3 Bc6 6. Bd3 Nd7 7. O-O Ngf6 8.
Qe2 Bxe4 9. Bxe4 Nxe4 10. Qxe4 c6 11. Bf4 Be7 12. Rad1 O-O 13. Rd3 Nf6 14. Qe2
Nd5 15. Bg3 Nb4 16. Rb3 b6 17. Ne5 Qc8 18. a3 Nd5 19. c4 Nf6 20. Bh4 Rd8 21.
Rd1 c5 22. Rg3 Qb7 23. d5 exd5 24. Ng4 Rd6 25. Nh6+ Kf8 26. Nf5 Re6 27. Qf3 g6
28. cxd5 Qxd5 29. Nxe7 Qxf3 30. Rxf3 Kxe7 31. Rxf6 1-0

[Event "8th Asian Continental/Individu"]
[Site "Subic Bay Free Port"]
[Date "2009.05.19"]
[Round "7.15"]
[White "Le, Kieu Thien Kim"]
[Black "Dang, Bich Ngoc"]
[Result "1-0"]
[WhiteElo "2277"]
[BlackElo "2185"]
[PlyCount "75"]
[EventDate "2009.05.13"]

1. d4 Nf6 2. Nf3 g6 3. Bf4 Bg7 4. e3 d6 5. h3 O-O 6. Be2 Nc6 7. c3 Nd7 8. O-O
e5 9. Bh2 Qe7 10. a4 a5 11. Na3 Nb6 12. Nc4 Nxc4 13. Bxc4 Kh8 14. Nd2 Bd7 15.
f4 f5 16. fxe5 dxe5 17. Qe2 Rae8 18. Rae1 Bf6 19. Nf3 Qg7 20. Qf2 Re7 21. Bb5
e4 22. Nd2 Be8 23. Nc4 b6 24. Qc2 Nd8 25. Bxe8 Rexe8 26. b4 axb4 27. cxb4 Qe7
28. Rb1 Nf7 29. a5 Rc8 30. Rfc1 Qe6 31. b5 bxa5 32. Nxa5 Nd6 33. Qc6 Qa2 34.
Nb3 Qe2 35. b6 Qxe3+ 36. Kh1 Ne8 37. b7 Rb8 38. Nc5 1-0

[Event "8th Asian Continental/Individu"]
[Site "Subic Bay Free Port"]
[Date "2009.05.19"]
[Round "7.16"]
[White "Bernales, Christy Lamiel"]
[Black "Xu, Tong"]
[Result "0-1"]
[WhiteElo "2041"]
[BlackElo "2231"]
[PlyCount "70"]
[EventDate "2009.05.13"]

1. e4 c5 2. Nc3 d6 3. f4 g6 4. Nf3 Bg7 5. Bb5+ Bd7 6. Bxd7+ Qxd7 7. d3 Nc6 8.
O-O e6 9. Qe1 Nge7 10. Bd2 O-O 11. Qh4 f5 12. Rae1 Nd4 13. Nxd4 cxd4 14. Ne2
Rac8 15. c3 Bf6 16. Qg3 dxc3 17. Bxc3 Bxc3 18. Nxc3 b5 19. exf5 Nxf5 20. Qg5 b4
21. Ne4 Qg7 22. Rf2 d5 23. Ng3 Qd4 24. Nxf5 Rxf5 25. Qe7 Rf6 26. g4 Rcf8 27.
Kg2 R8f7 28. Qe8+ Kg7 29. Ref1 Qxd3 30. g5 Qe4+ 31. Kg1 Rf5 32. Qb8 e5 33. Qd6
exf4 34. h4 f3 35. Qg3 Rf4 0-1

[Event "8th Asian Continental/Individu"]
[Site "Subic Bay Free Port"]
[Date "2009.05.19"]
[Round "7.17"]
[White "Camacho, Chardine Cheradee"]
[Black "Lkhamsuren, Uuganbayar"]
[Result "1-0"]
[WhiteElo "2166"]
[BlackElo "2038"]
[PlyCount "141"]
[EventDate "2009.05.13"]

1. e4 e6 2. d4 d5 3. Nc3 Bb4 4. e5 c5 5. Bd2 Nc6 6. Nb5 Bxd2+ 7. Qxd2 Nxd4 8.
Nxd4 cxd4 9. Qxd4 Ne7 10. Nf3 O-O 11. Bd3 Nc6 12. Qe3 f6 13. O-O Bd7 14. c4 Nb4
15. Rad1 Qc7 16. exf6 gxf6 17. cxd5 Nxd5 18. Qe4 Rf7 19. Bc4 f5 20. Qd4 Bc6 21.
Ng5 Re7 22. Nxe6 Rxe6 23. Bxd5 Bxd5 24. Qxd5 Qf7 25. Qf3 Rae8 26. Rd5 Rf6 27.
Rfd1 b6 28. h3 Re7 29. Qd3 f4 30. Rd8+ Kg7 31. Rd7 Rfe6 32. Qd4+ Qf6 33. Rxe7+
Rxe7 34. Qxf6+ Kxf6 35. Kf1 Kf5 36. g3 Rc7 37. Ke2 Ke4 38. gxf4 Kxf4 39. Rd4+
Kg5 40. Ke3 Re7+ 41. Re4 Rc7 42. f4+ Kf5 43. Re5+ Kf6 44. Rh5 Kg6 45. Rg5+ Kf6
46. Rg2 Kf5 47. Rd2 Rg7 48. Kf3 Ke6 49. Ke4 Rg3 50. f5+ Ke7 51. Rd3 Rg2 52. Rb3
Kf6 53. a4 Re2+ 54. Kf3 Re5 55. Rc3 Rxf5+ 56. Kg3 Rg5+ 57. Kf4 Rf5+ 58. Ke4
Re5+ 59. Kd4 Re7 60. Kd5 Re5+ 61. Kc6 Re4 62. b3 Re7 63. b4 Re4 64. Rb3 Ke7 65.
a5 bxa5 66. bxa5 Ke8 67. a6 Re7 68. Rb8+ Kf7 69. Rb7 Ke6 70. h4 Kf7 71. Kd6 1-0